00664nam a22001577a 4500999001500000008004100015082001200056100002000068245010100088260003600189300001600225650005000241942001500291952010000306952010000406 c6155d6155180430b xxu||||| |||| 00| 0 eng d a200 FER aFERCH, Arthur J aMianzo na UmilikiwajibMwongozo wa Kujifunza Biblia kwa watu wazima cArthur J. Ferch hSwahili  aTanzania bPacific Press c2006 a160p c21cm 2Muongozo wa Kujifunza Biblia kwa watu wazima  2ddccBOOKS 00102ddc4070a3000b3000d2018-04-30l0o200 FERp10000001800r2018-04-30w2018-04-30yBOOKS 00102ddc4070a3000b3000d2018-05-02l0o200 FERp10000001824r2018-05-02w2018-05-02yBOOKS